| 000 | 00642nam a2200193 a 4500 | ||
|---|---|---|---|
| 008 | 200219e2005 sp ||||| |||| 00| 0 spa d | ||
| 020 | _a8449428661 | ||
| 041 | _aspa | ||
| 092 |
_c403 _l16 _sDIC |
||
| 100 | 1 |
_aGispert, Carlos _eDir. _94111 |
|
| 245 |
_aDiccionario ilustrado de las ciencias y la tecnologia / _cCarlos Gispert |
||
| 250 | _a1a ed. | ||
| 260 |
_aBarcelona: _bOcéano; _c2005. |
||
| 300 |
_a735 p. _bIncluye CD-Rom |
||
| 500 | _aGispert, C. (Dir.). (2005). Diccionario Ilustrado de las ciencias y la tecnología. (1a ed.). Barcelona : Océano ; Mosby. | ||
| 590 | _aDonacion 2020 | ||
| 653 | _aDiccionario | ||
| 942 |
_2ddc _cBK |
||
| 999 |
_c3071 _d3071 |
||